00334nam a2200133Ia 45000030006000000080041000060400015000471000023000622450053000852600027001383000006001655460012001710050017001830STCL150530s9999 xx 000 0 und d aSTCLcSTCL aPalanichamy,S.; Ed aJournal of Ecobiology Vol-19 , No-3 October 2006 bPalani Paramountc2006 a0 aEnglish20220125165916.0